| 000 | 00824nam a22001937a 4500 | ||
|---|---|---|---|
| 005 | 20251108172035.0 | ||
| 008 | 250721s1988 xx 000 0 ara d | ||
| 082 | 1 | 4 | _a370.1/عيس |
| 100 | 1 | _aالجراجرة، عيسى حسن | |
| 245 | 1 | 0 | _aريادة الإسلام في تفهم خصوصية عالم الأطفال و في تقرير و تطبيق حقوقهم الخاصة في الرعاية و التربية / |
| 264 | 1 |
_aعمان : _bالمؤلف ، دار ابن رشد ، دار الكرمل، _c1988. |
|
| 300 | _a279ص | ||
| 650 | 1 | 7 | _aالتربية الإسلامية |
| 700 | 1 |
_aجاد الحق، جاد الحق علي _eتقديم |
|
| 700 | 1 | _aالخياط، عبد العزيز | |
| 700 | 1 |
_aالجراجرة، هناء بدر السلطي _eمراجعة |
|
| 942 |
_2ddc _cBK |
||
| 999 |
_c68909 _d68909 |
||